000 00505nam a2200181Ia 4500
003 OSt
005 20170518101131.0
008 151021s9999 xx 000 0 und d
020 _a1419551314
040 _aMMU
_beng
_cMMU
_dMMU
050 _aHF 1118 .G62 2008
245 _aGMAT 2008 Edition Premier Program The Staff of Kaplan Test Prep And Admissions
260 _aNew York :
_bKaplan,
_c 2008
300 _axi,513 p.
500 _aincludes index
650 _aPremier
942 _2lcc
_cLOAN LOAN
999 _c19041
_d19041